[Event "94th ch-GBR"]
[Site "Great Yarmouth ENG"]
[Date "2007.08.09"]
[Round "10"]
[White "Kosten,A"]
[Black "Haslinger,S"]
[Result "1-0"]
[WhiteElo "2508"]
[BlackElo "2468"]
[EventDate "2007.07.30"]

1. e4 e5 2. Nf3 Nc6 3. Bc4 Bc5 4. c3 Nf6 5. d3 a6 6. O-O Ba7 7. Bb3 O-O 8.
Nbd2 d6 9. h3 Ne7 10. Re1 Ng6 11. Nf1 h6 12. Ng3 Re8 13. d4 c6 14. Bc2 Qc7
15. Be3 Be6 16. Nf5 d5 17. Nxe5 Nxe4 18. Nxg6 fxg6 19. Nh4 g5 20. Ng6 Bb8
21. Ne5 Rf8 22. f3 Ng3 23. Bf2 Nh5 24. Qd2 Nf4 25. Bg3 Qd8 26. Bxf4 Rxf4
27. Nxc6 bxc6 28. Rxe6 Rf6 29. Qe2 Kf7 30. Rxf6+ Qxf6 31. Qd3 Bg3 32. Qf5
Qxf5 33. Bxf5 a5 34. Kf1 Rb8 35. b3 Ke7 36. Ke2 Kd6 37. Kd2 c5 38. dxc5+
Kxc5 39. Rd1 Re8 40. Bd3 Bf4+ 41. Kc2 Bg3 42. a3 Re1 43. b4+ Kc6 44. Rxe1
Bxe1 45. Kb3 Bd2 46. Bg6 Be1 47. Bf7 Bd2 48. Be8+ Kc7 49. Bh5 Be1 50. f4
gxf4 51. Bf3 axb4 52. cxb4 Kc6 53. Ka4 Bc3 54. Ka5 Bb2 55. b5+ Kc7 56. a4
d4 57. b6+ Kb8 58. Kb5 d3 59. a5 1-0

[Event "94th ch-GBR"]
[Site "Great Yarmouth ENG"]
[Date "2007.08.09"]
[Round "10"]
[White "Williams,Si1"]
[Black "Pert,N"]
[Result "1/2-1/2"]
[WhiteElo "2480"]
[BlackElo "2536"]
[EventDate "2007.07.30"]

1. e4 e6 2. d4 d5 3. Nc3 Bb4 4. e5 c5 5. a3 Ba5 6. b4 cxd4 7. Nb5 Bc7 8. f4
Bd7 9. Nxc7+ Qxc7 10. Nf3 Ba4 11. Bd3 Qc3+ 12. Bd2 Qxd3 13. cxd3 Bxd1 14.
Rxd1 a6 15. Nxd4 Ne7 16. Be3 Nbc6 17. Nb3 O-O 18. Bc5 f6 19. exf6 Rxf6 20.
O-O Ng6 21. g3 e5 22. f5 Nge7 23. g4 h5 24. h3 hxg4 25. hxg4 g6 26. Bxe7
Nxe7 27. Rde1 Nc6 28. Nc5 gxf5 29. Rxf5 Rxf5 30. gxf5 Kf7 31. Nxb7 Kf6 32.
Kf2 Nd4 33. Rh1 Kxf5 34. Rh6 Nc2 35. Nd6+ Kg4 36. Rg6+ Kf4 37. Rf6+ Kg4
1/2-1/2

[Event "94th ch-GBR"]
[Site "Great Yarmouth ENG"]
[Date "2007.08.09"]
[Round "10"]
[White "Rudd,J"]
[Black "Rowson,J"]
[Result "0-1"]
[WhiteElo "2370"]
[BlackElo "2599"]
[EventDate "2007.07.30"]

1. e4 c5 2. Nf3 d6 3. Nc3 Nc6 4. d4 cxd4 5. Nxd4 Nf6 6. Be3 Ng4 7. Bg5 h6
8. Bh4 g5 9. Bg3 Bg7 10. Nb3 Bxc3+ 11. bxc3 Nf6 12. Bd3 e5 13. f3 Be6 14.
Bf2 Qc7 15. O-O Ne7 16. c4 Rd8 17. Qe2 Ng6 18. c5 Nf4 19. Bb5+ Kf8 20. Qe1
d5 21. Qa5 Qxa5 22. Nxa5 dxe4 23. Nxb7 Rd2 24. fxe4 Nxe4 25. Rae1 Bd5 26.
c4 Bxb7 27. c6 Bxc6 28. Bxc6 Nxf2 0-1

[Event "94th ch-GBR"]
[Site "Great Yarmouth ENG"]
[Date "2007.08.09"]
[Round "10"]
[White "Conquest,S"]
[Black "Hebden,M"]
[Result "0-1"]
[WhiteElo "2546"]
[BlackElo "2540"]
[EventDate "2007.07.30"]

1. d4 Nf6 2. c4 g6 3. Nc3 Bg7 4. e4 d6 5. f3 O-O 6. Bg5 c5 7. d5 h6 8. Bf4
a6 9. Qd2 h5 10. Nge2 Nbd7 11. Bh6 Bxh6 12. Qxh6 Ne5 13. Nf4 b5 14. Be2
bxc4 15. O-O Rb8 16. Rab1 Qa5 17. Rfc1 Bd7 18. h3 Nd3 19. Bxd3 cxd3 20.
Nxd3 e5 21. f4 c4 22. fxe5 Nh7 23. Ne1 Qc5+ 24. Kh2 dxe5 25. Nf3 Qd6 26.
Rd1 f5 27. Ng5 Nxg5 28. Qxg5 Kg7 29. Rd2 f4 30. Rf1 Qf6 31. Qxf6+ Rxf6 32.
h4 Rfb6 33. Rff2 g5 34. hxg5 Rg6 35. Nb1 Ba4 36. Nc3 Bd7 37. Rc2 Rxg5 38.
Nb1 h4 39. Rxc4 Kf6 40. Rc7 Ke7 41. b3 Rg3 42. Nd2 h3 43. Nf3 Rbg8 44. Nxe5
Kd6 45. Rxd7+ Kxe5 46. Re7+ Kd4 47. d6 hxg2 48. Kg1 Rd3 0-1

[Event "94th ch-GBR"]
[Site "Great Yarmouth ENG"]
[Date "2007.08.09"]
[Round "10"]
[White "Flear,G"]
[Black "Storey,Ch"]
[Result "1-0"]
[WhiteElo "2479"]
[BlackElo "2218"]
[EventDate "2007.07.30"]

1. d4 c5 2. d5 g6 3. e4 Bg7 4. c4 e5 5. Nc3 d6 6. h3 Nd7 7. Bd3 a6 8. Nf3
b6 9. Qe2 Ndf6 10. g4 Bd7 11. Be3 h5 12. g5 Nh7 13. Rb1 Ne7 14. b4 Nc8 15.
Bc2 O-O 16. Ba4 Bxa4 17. Nxa4 cxb4 18. Rxb4 b5 19. cxb5 Qa5 20. Qb2 axb5
21. Nc3 f5 22. gxf6 Rxf6 23. Nd2 Na7 24. a4 bxa4 25. Rxa4 Qc7 26. Qa3 Rf7
27. Ke2 Bf8 28. Rg1 Kg7 29. h4 Qd7 30. Nc4 Qc7 31. Kd3 Nf6 32. Ra1 Ng4 33.
Rxa7 Rxa7 34. Qxa7 Qd8 35. Qb6 Qxh4 36. Nxd6 Bxd6 37. Qxd6 Qh3 38. Ra6
Nxf2+ 39. Kc2 Qg3 40. Rc6 h4 41. Rc7 Ng4 42. Rxf7+ Kxf7 43. Qe6+ Kg7 44.
Qe7+ Kg8 45. Bc5 Qf4 46. d6 Nf6 47. Qd8+ Kh7 48. d7 Nxd7 49. Qxd7+ Kh6 50.
Qh3 Kh5 51. Kd3 g5 52. Ne2 Qf6 53. Ng3+ Kh6 54. Nf5+ Kg6 55. Qg4 Qa6+ 56.
Ke3 Qa1 57. Nxh4+ Kh6 58. Bf8+ Kh7 59. Qd7+ 1-0

[Event "94th ch-GBR"]
[Site "Great Yarmouth ENG"]
[Date "2007.08.09"]
[Round "10"]
[White "Rendle,T"]
[Black "Howell,D"]
[Result "0-1"]
[WhiteElo "2416"]
[BlackElo "2519"]
[EventDate "2007.07.30"]

1. e4 e5 2. Nf3 Nc6 3. Bb5 a6 4. Ba4 Nf6 5. Qe2 d6 6. c3 g6 7. O-O Bg7 8.
d4 b5 9. Bb3 O-O 10. a4 Bd7 11. dxe5 dxe5 12. Na3 Qe7 13. Bg5 Na5 14. Bd5
c6 15. Ba2 h6 16. Bh4 Nb7 17. b4 Nd6 18. Nd2 a5 19. axb5 axb4 20. bxc6 Bxc6
21. Bxf6 Qxf6 22. Nab1 b3 23. Nxb3 Bb5 24. Qe3 Bxf1 25. Kxf1 Nc4 26. Qe2
Qc6 27. Nc1 Rfb8 28. Nd3 Nd6 29. f3 Qc7 30. Nb4 Kh7 31. Na6 Rxa6 32. Qxa6
Rb2 33. Qd3 Qa7 34. Nd2 Nc4 35. Bxc4 Qxa1+ 36. Ke2 Qg1 37. Bxf7 Qxg2+ 38.
Kd1 Qg1+ 39. Ke2 Qxh2+ 40. Ke1 Qg1+ 41. Ke2 Qg2+ 42. Ke1 h5 43. Qd8 Bf6 44.
Qd3 Bh4+ 45. Kd1 Rxd2+ 46. Qxd2 Qxf3+ 0-1

[Event "94th ch-GBR"]
[Site "Great Yarmouth ENG"]
[Date "2007.08.09"]
[Round "10"]
[White "Arakhamia,K"]
[Black "Lewis,An"]
[Result "1/2-1/2"]
[WhiteElo "2418"]
[BlackElo "2284"]
[EventDate "2007.07.30"]

1. e4 c5 2. Nf3 Nc6 3. d4 cxd4 4. Nxd4 Nf6 5. Nc3 d6 6. Bg5 e6 7. Qd2 a6 8.
O-O-O Bd7 9. f4 h6 10. Bxf6 Qxf6 11. Nf3 Qd8 12. Bd3 Be7 13. Rhe1 Qa5 14.
Kb1 O-O-O 15. Qe3 Kb8 16. Nd2 Nb4 17. Nc4 Qc7 18. Bf1 b5 19. Nb6 Be8 20. a3
Nc6 21. Nbd5 exd5 22. exd5 Bf6 23. dxc6 Bxc6 24. Nd5 Bxd5 25. Rxd5 Rhe8 26.
Qxe8 Rxe8 27. Rxe8+ Ka7 28. Re1 b4 29. a4 Bxb2 30. Red1 Bf6 31. R1d3 Qb6
32. Rxd6 Qf2 33. Rxa6+ Kb7 34. Rd7+ Kc8 35. Rd1 Qxf4 36. Rc6+ Kb7 37. Bb5
Qe3 38. Rd7+ Kb8 39. Rxf6 gxf6 40. Rxf7 b3 41. Rf8+ Kc7 42. Rf7+ Kb6 43.
Rxf6+ Ka5 44. Rc6 Kb4 45. Kb2 bxc2 46. Rc4+ Ka5 47. Rxc2 Qe5+ 48. Kb3 Qxh2
49. Re2 Qg3+ 1/2-1/2

[Event "94th ch-GBR"]
[Site "Great Yarmouth ENG"]
[Date "2007.08.09"]
[Round "10"]
[White "Eggleston,D"]
[Black "Bellin,R"]
[Result "1/2-1/2"]
[WhiteElo "2330"]
[BlackElo "2403"]
[EventDate "2007.07.30"]

1. Nf3 c5 2. e4 Nc6 3. Bb5 g6 4. O-O Bg7 5. Re1 Nf6 6. e5 Nd5 7. Nc3 Nc7 8.
Bxc6 dxc6 9. Ne4 Ne6 10. d3 O-O 11. Be3 b6 12. Qd2 f5 1/2-1/2

[Event "94th ch-GBR"]
[Site "Great Yarmouth ENG"]
[Date "2007.08.09"]
[Round "10"]
[White "Mason,D"]
[Black "Ward,C"]
[Result "0-1"]
[WhiteElo "2251"]
[BlackElo "2439"]
[EventDate "2007.07.30"]

1. e4 c5 2. Nf3 g6 3. d4 cxd4 4. Nxd4 Nf6 5. Nc3 d6 6. Be3 Bg7 7. f3 Nc6 8.
Qd2 O-O 9. O-O-O Bd7 10. h4 Rc8 11. Be2 Ne5 12. g4 b5 13. h5 Nc4 14. Bxc4
bxc4 15. hxg6 fxg6 16. Qh2 Qa5 17. Nde2 Be6 18. Nf4 Bf7 19. a3 Rb8 20. Nfd5
Bxd5 21. Nxd5 Rxb2 22. Nxf6+ Rxf6 23. Qxh7+ Kf8 24. Bh6 Qc3 25. Bxg7+ Ke8
26. Qg8+ Kd7 27. Rd2 Ra2 28. Kd1 Ra1+ 0-1

[Event "94th ch-GBR"]
[Site "Great Yarmouth ENG"]
[Date "2007.08.09"]
[Round "10"]
[White "Ciuksyte,D"]
[Black "Posazhennikov,A"]
[Result "1-0"]
[WhiteElo "2426"]
[BlackElo "2247"]
[EventDate "2007.07.30"]

1. e4 e5 2. Nf3 Nc6 3. Bb5 a6 4. Ba4 Nf6 5. O-O Be7 6. Re1 b5 7. Bb3 O-O 8.
h3 Bb7 9. d3 Re8 10. a4 d6 11. c3 h6 12. Nbd2 Bf8 13. Nf1 Ne7 14. Ng3 Ng6
15. d4 c5 16. d5 c4 17. Bc2 Nd7 18. Nf5 Nf4 19. g3 Nxh3+ 20. Kg2 Ng5 21.
Nxg5 hxg5 22. Qg4 g6 23. Bxg5 gxf5 24. exf5 Bxd5+ 25. Be4 Bxe4+ 26. Rxe4
Bg7 27. Bxd8 Rexd8 28. Qd1 Nf6 29. Re1 Rab8 30. Qd2 Kf8 31. axb5 axb5 32.
Ra6 Ne8 33. g4 f6 34. Ra7 Ra8 35. Rea1 Nc7 36. Rxa8 Nxa8 37. Rxa8 Rxa8 38.
Qxd6+ Kg8 39. Qd5+ 1-0

[Event "94th ch-GBR"]
[Site "Great Yarmouth ENG"]
[Date "2007.08.09"]
[Round "10"]
[White "Sowray,P"]
[Black "Oswald,G"]
[Result "1-0"]
[WhiteElo "2352"]
[BlackElo "2147"]
[EventDate "2007.07.30"]

1. e4 c5 2. c3 d5 3. exd5 Qxd5 4. d4 Nf6 5. Nf3 Bg4 6. Nbd2 cxd4 7. Bc4 Qh5
8. Qb3 Bc8 9. Nxd4 e5 10. Nb5 Na6 11. Nf3 Be7 12. Be3 e4 13. Ng5 O-O 14.
Nxa7 Rxa7 15. Bxf7+ Rxf7 16. Nxf7 Ra8 17. Nd6+ Qd5 18. Nxe4 Qxb3 19. Nxf6+
Bxf6 20. axb3 Be6 21. b4 Rc8 22. O-O Nc7 23. Rfd1 b5 24. Ra7 Bb3 25. Rd7
Nd5 26. Bg5 Nb6 27. Rdb7 Bd5 28. Bxf6 Bxb7 29. Rxb7 gxf6 30. Rxb6 Rd8 31.
g3 1-0

[Event "94th ch-GBR"]
[Site "Great Yarmouth ENG"]
[Date "2007.08.09"]
[Round "10"]
[White "Barrett,S"]
[Black "Wu,L"]
[Result "1/2-1/2"]
[WhiteElo "2219"]
[BlackElo "2314"]
[EventDate "2007.07.30"]

1. d4 Nf6 2. c4 g6 3. Nc3 Bg7 4. e4 d6 5. f4 O-O 6. Nf3 c5 7. dxc5 Qa5 8.
Bd3 Qxc5 9. Qe2 Nc6 10. Be3 Qa5 11. Rc1 Bg4 12. O-O Nd7 13. Qf2 Bxf3 14.
gxf3 Nc5 15. Bb1 Na4 16. Nxa4 Qxa4 17. b3 Qa3 18. Rc2 a5 19. e5 a4 20. Bc1
Qc5 21. Be3 Qa3 22. Bc1 1/2-1/2

[Event "94th ch-GBR"]
[Site "Great Yarmouth ENG"]
[Date "2007.08.09"]
[Round "10"]
[White "Anderson,J"]
[Black "Constantinou,P"]
[Result "1-0"]
[WhiteElo "2207"]
[BlackElo "2173"]
[EventDate "2007.07.30"]

1. d4 d5 2. Nf3 Nf6 3. e3 e6 4. Bd3 c5 5. c3 Nc6 6. O-O Bd6 7. Nbd2 O-O 8.
e4 cxd4 9. cxd4 dxe4 10. Nxe4 Be7 11. Qe2 Nb4 12. Bb1 Nbd5 13. Ne5 Bd7 14.
Qf3 Rc8 15. Qh3 Bc6 16. Ng5 g6 17. Qh6 Re8 18. Ngxf7 Bf8 19. Qh4 Qc7 20.
Bxg6 Bg7 21. Nh6+ 1-0

[Event "94th ch-GBR"]
[Site "Great Yarmouth ENG"]
[Date "2007.08.09"]
[Round "10"]
[White "Bonafont,P"]
[Black "Chapman,T"]
[Result "0-1"]
[WhiteElo "2098"]
[BlackElo "2200"]
[EventDate "2007.07.30"]

1. d4 d5 2. Nf3 e6 3. Bf4 c5 4. e3 Qb6 5. Nc3 c4 6. Rb1 Nf6 7. Ne5 Bb4 8.
f3 Qa5 9. Qd2 Bxc3 10. Qxc3 Qxa2 11. Rd1 O-O 12. b3 cxb3 13. cxb3 Qa3 14.
Ra1 Qe7 15. Bd3 Nfd7 16. Qc2 h6 17. Nxd7 Bxd7 18. O-O Nc6 19. Qf2 e5 20.
dxe5 Nxe5 21. Bb1 Rfe8 22. Qg3 Kh8 23. Rc1 Nc6 24. Re1 a6 25. Bd3 Rac8 26.
e4 Qc5+ 27. Kh1 Qc3 28. Rad1 dxe4 29. Bxe4 Be6 30. Rd3 Qf6 31. Red1 Red8
32. h4 Bxb3 33. Be5 Nxe5 34. Rxd8+ Rxd8 35. Rxd8+ Qxd8 36. Qxe5 Qxh4+ 37.
Kg1 Qe1+ 38. Kh2 Qh4+ 39. Kg1 Qd8 0-1

[Event "94th ch-GBR"]
[Site "Great Yarmouth ENG"]
[Date "2007.08.09"]
[Round "10"]
[White "Roberson,P"]
[Black "Lalic,S"]
[Result "1/2-1/2"]
[WhiteElo "2209"]
[BlackElo "2350"]
[EventDate "2007.07.30"]

1. e4 c6 2. d4 d5 3. Nd2 dxe4 4. Nxe4 Nf6 5. Nxf6+ gxf6 6. c3 Bf5 7. Nf3 e6
8. g3 Qd5 9. Bg2 Qc4 10. Bf1 Qd5 11. Bg2 Qc4 12. Bf1 1/2-1/2

[Event "94th ch-GBR"]
[Site "Great Yarmouth ENG"]
[Date "2007.08.09"]
[Round "10"]
[White "Stokes,I"]
[Black "James,R"]
[Result "0-1"]
[WhiteElo "2055"]
[BlackElo "2238"]
[EventDate "2007.07.30"]

1. e4 e5 2. Nf3 Nc6 3. Bb5 Nf6 4. d3 Ne7 5. O-O Ng6 6. Nc3 c6 7. Ba4 Be7 8.
Bb3 O-O 9. d4 d6 10. dxe5 dxe5 11. h3 Qc7 12. a3 h6 13. Be3 b5 14. Ne1 Be6
15. Bxe6 fxe6 16. Nd3 a6 17. b4 Nd7 18. Qg4 Rf6 19. Ne2 Raf8 20. Ng3 Nh8
21. Rac1 Rg6 22. Qe2 Bh4 23. Nh1 Bg5 24. c4 Nf7 25. Rc3 bxc4 26. Nc5 Bxe3
27. Qxe3 Ng5 28. Nxa6 Qc8 29. Nc5 Rf3 30. Qd2 Nxc5 31. Rxc4 Ncxe4 32. Qe2
Rf4 33. Kh2 Nd6 34. Rc5 Re4 35. Qd3 Qf8 36. f3 Rf6 37. fxe4 Rxf1 38. Ng3
Rf2 39. Kg1 Rb2 40. Qe3 Qf4 0-1

[Event "94th ch-GBR"]
[Site "Great Yarmouth ENG"]
[Date "2007.08.09"]
[Round "10"]
[White "Adams,D"]
[Black "Lyell,M"]
[Result "0-1"]
[WhiteElo "2234"]
[BlackElo "2187"]
[EventDate "2007.07.30"]

1. e4 e5 2. Bc4 Nc6 3. Nf3 Nf6 4. d3 d5 5. exd5 Nxd5 6. Qe2 Bg4 7. h3 Be6
8. Ng5 Bd6 9. Nxe6 fxe6 10. c3 O-O 11. Be3 Qe7 12. O-O e4 13. dxe4 Nxe3 14.
Qxe3 Bc5 15. Qc1 Rxf2 16. Rxf2 Rf8 17. b4 Bb6 18. Kh1 Rxf2 19. a4 Ne5 20.
Bf1 Ng4 21. a5 Be3 22. Qe1 Qh4 23. Ra2 Qg3 24. hxg4 Rxf1+ 0-1

[Event "94th ch-GBR"]
[Site "Great Yarmouth ENG"]
[Date "2007.08.09"]
[Round "10"]
[White "Armstrong,M"]
[Black "Tippleston,C"]
[Result "1-0"]
[WhiteElo "2126"]
[BlackElo "2178"]
[EventDate "2007.07.30"]

1. d4 d5 2. Nf3 Nf6 3. c4 c6 4. cxd5 cxd5 5. Nc3 Nc6 6. Bf4 a6 7. e3 Bg4 8.
Rc1 Qb6 9. Qc2 e6 10. Be2 Bf5 11. Qa4 Be7 12. O-O O-O 13. Nh4 Bg4 14. Qd1
Bxe2 15. Qxe2 Rfc8 16. h3 h6 17. Nf3 Nd7 18. Rfd1 f5 19. g4 fxg4 20. hxg4
Rf8 21. Kg2 Rf6 22. g5 hxg5 23. Nxg5 Rg6 24. Qh5 Nf8 25. Rh1 Bxg5 26. Bxg5
Ne7 27. Ne2 e5 28. dxe5 Ne6 29. Qh8+ Kf7 30. Qxa8 Rxg5+ 31. Kf1 Qxb2 32. f4
Rf5 33. Rh8 Kg6 34. Qe8+ Rf7 35. f5+ Nxf5 36. Qxe6+ Kg5 1-0

[Event "94th ch-GBR"]
[Site "Great Yarmouth ENG"]
[Date "2007.08.09"]
[Round "10"]
[White "Griffiths,R"]
[Black "McEwan,K"]
[Result "1/2-1/2"]
[WhiteElo "2046"]
[BlackElo "2170"]
[EventDate "2007.07.30"]

1. e4 c5 2. Nf3 e6 3. Nc3 d6 4. d4 cxd4 5. Nxd4 Nf6 6. g4 a6 7. g5 Nfd7 8.
h4 Nc6 9. Be3 Nde5 10. Nxc6 Nxc6 11. h5 b5 12. a3 Qc7 13. Bg2 Rb8 1/2-1/2

[Event "94th ch-GBR"]
[Site "Great Yarmouth ENG"]
[Date "2007.08.09"]
[Round "10"]
[White "Makepeace,P"]
[Black "Smith,G"]
[Result "1/2-1/2"]
[WhiteElo "1978"]
[BlackElo "2129"]
[EventDate "2007.07.30"]

1. e4 e6 2. d4 d5 3. Nc3 Bb4 4. e5 Ne7 5. a3 Bxc3+ 6. bxc3 c5 7. Qg4 Qc7 8.
Qxg7 Rg8 9. Qxh7 cxd4 10. Kd1 Nbc6 11. Nf3 dxc3 12. Rb1 Bd7 13. Ng5 Nxe5
14. f4 Rxg5 15. fxg5 O-O-O 16. Qh4 d4 17. Qf2 Ng4 18. Qe2 Nxh2 19. Rxh2
Qxh2 20. Qf3 Bc6 21. Qxf7 Qd6 22. Bc4 Nd5 23. Bxd5 Bxd5 24. Bf4 e5 25. Qf5+
Qe6 26. Qxe5 Qxe5 27. Bxe5 Bxg2 28. g6 Be4 29. Rb4 Bxg6 1/2-1/2

[Event "94th ch-GBR"]
[Site "Great Yarmouth ENG"]
[Date "2007.08.09"]
[Round "10"]
[White "Hall,Dan"]
[Black "Foord,D"]
[Result "0-1"]
[WhiteElo "2113"]
[BlackElo "1950"]
[EventDate "2007.07.30"]

1. e4 e5 2. Nf3 Nc6 3. Bb5 a6 4. Ba4 d6 5. Bxc6+ bxc6 6. d4 Nf6 7. Nc3 Nd7
8. O-O Be7 9. Be3 O-O 10. Qd2 Bb7 11. Rad1 f6 12. Nh4 g6 13. Bh6 Rf7 14. f4
exd4 15. Qxd4 d5 16. Qd3 f5 17. exf5 Bc5+ 18. Kh1 Qxh4 19. fxg6 Qxh6 20.
gxf7+ Kxf7 21. Ne4 Bc8 22. Ng5+ Kg8 23. Rde1 Nf6 24. Qc3 Qf8 25. Re6 Bxe6
26. Nxe6 Ne4 27. Qe5 Ng3+ 0-1

[Event "94th ch-GBR"]
[Site "Great Yarmouth ENG"]
[Date "2007.08.09"]
[Round "10"]
[White "Jain,A2"]
[Black "Wilson,A"]
[Result "0-1"]
[WhiteElo "2002"]
[BlackElo "2066"]
[EventDate "2007.07.30"]

1. e4 e6 2. d4 d5 3. Nc3 Bb4 4. e5 c5 5. Bd2 cxd4 6. Nb5 Be7 7. Qg4 g6 8.
Nxd4 Nc6 9. Ngf3 Qb6 10. Nb3 Bd7 11. c3 a5 12. Be3 Qc7 13. Be2 h5 14. Qf4
Nh6 15. Nbd4 Nxd4 16. Nxd4 g5 17. Qf3 Qxe5 18. Nc6 Bxc6 19. Bd4 g4 20. Qd3
Qg5 21. Bxh8 e5 22. h4 gxh3 23. Rxh3 Qxg2 24. Rg3 Qh1+ 25. Bf1 Ng4 26. Qh7
Bb5 27. O-O-O Bxf1 28. Rxg4 O-O-O 29. Bxe5 Qf3 30. Rf4 Qe2 31. Qf5+ Rd7 32.
Rfd4 Bg2 33. c4 Be4 34. Rxe4 Qxe4 35. Qxh5 dxc4 36. Qh8+ Bd8 37. Qh3 f5 38.
Rxd7 Kxd7 39. Qc3 Bg5+ 40. Kd1 Ke6 41. Bc7 Bf6 42. Qc2 Qd4+ 43. Kc1 a4 44.
Ba5 Bg5+ 45. Kb1 Qd3 46. b3 axb3 47. axb3 Qxb3+ 48. Qxb3 cxb3 49. Kb2 Kd5
50. Kxb3 Ke4 51. Kc4 Bh4 52. Bb6 f4 53. Kb5 Kf3 54. Be3 Bxf2 0-1

[Event "94th ch-GBR"]
[Site "Great Yarmouth ENG"]
[Date "2007.08.09"]
[Round "10"]
[White "White,E"]
[Black "Wise,D"]
[Result "1/2-1/2"]
[WhiteElo "1969"]
[BlackElo "2189"]
[EventDate "2007.07.30"]

1. e4 e5 2. Nf3 Nc6 3. Bb5 a6 4. Ba4 Nf6 5. O-O Be7 6. Re1 b5 7. Bb3 d6 8.
c3 O-O 9. h3 Na5 10. Bc2 c5 11. d4 Qc7 12. Nbd2 Nc6 13. dxc5 dxc5 14. Qe2
Be6 15. Ng5 Rad8 16. Nxe6 fxe6 17. a4 c4 18. axb5 axb5 19. b3 Na5 20. bxc4
bxc4 21. Ra4 Rc8 22. Ba3 1/2-1/2

[Event "94th ch-GBR"]
[Site "Great Yarmouth ENG"]
[Date "2007.08.09"]
[Round "10"]
[White "Van Kemenade,R"]
[Black "Grigoryan Lyell,M"]
[Result "0-1"]
[WhiteElo "2032"]
[BlackElo "2048"]
[EventDate "2007.07.30"]

1. d4 d5 2. Nf3 Nc6 3. g3 Bf5 4. Bg2 Nb4 5. Na3 e6 6. O-O c5 7. c4 Nf6 8.
Ne5 Nc6 9. Qa4 Nd7 10. Nxc6 bxc6 11. Qxc6 Rc8 12. Qa4 dxc4 13. Nxc4 cxd4
14. Ne5 f6 15. Nc6 Qc7 16. Nxd4 Bc2 17. b3 Kf7 18. Bf4 e5 19. Bd5+ Kg6 20.
Nxc2 exf4 21. gxf4 f5 22. Ne3 Nb6 23. Qa6 Qxf4 24. Be6 Bd6 25. Bxf5+ Kh5
26. Bg4+ Kg5 27. h4+ Kf6 28. Kg2 Qh2+ 29. Kf3 Qf4+ 30. Kg2 Qh2+ 31. Kf3 Rc3
32. Qa5 Qf4+ 33. Kg2 Qh2+ 34. Kf3 Qf4+ 35. Kg2 Qh2+ 36. Kf3 Rc5 37. Qd2
Qf4+ 38. Kg2 Qh2+ 39. Kf3 Qf4+ 40. Kg2 Qh2+ 41. Kf3 Rf8 42. Ke4 Qf4+ 43.
Kd3 Be5 44. Bd7 Qd4+ 0-1

[Event "94th ch-GBR"]
[Site "Great Yarmouth ENG"]
[Date "2007.08.10"]
[Round "11"]
[White "Gordon,S"]
[Black "Kosten,A"]
[Result "1/2-1/2"]
[WhiteElo "2487"]
[BlackElo "2508"]
[EventDate "2007.07.30"]

1. d4 Nf6 2. c4 e6 3. Nf3 Bb4+ 4. Bd2 Bxd2+ 5. Qxd2 O-O 6. Nc3 d5 7. e3 Qe7
8. Rc1 Rd8 9. cxd5 exd5 10. Bd3 Nbd7 11. O-O Nf8 12. Ne5 c6 13. f4 Ne8 14.
Rce1 f6 15. Nf3 Nd6 16. Qc2 Be6 17. f5 Bf7 18. g4 Nd7 19. Qg2 Re8 20. Nd2
Rac8 21. Re2 b5 22. a3 Nb6 23. Nb3 Ne4 24. Bxe4 dxe4 25. Nc5 Bc4 26. N3xe4
Nd5 27. Rfe1 Bxe2 28. Rxe2 Nc7 29. Qg3 Rcd8 30. h4 Rd5 31. Rf2 Rf8 32. Rf3
h6 33. b4 Rf7 34. Nc3 Rd8 35. Ne2 a5 36. Nf4 axb4 37. axb4 Ra8 38. e4 Qd6
39. Rd3 Ne8 40. Qe3 Ra2 41. e5 Qb8 42. Qe4 Qa8 43. Re3 Rfa7 44. exf6 Nxf6
45. Qe6+ Kh8 46. g5 Ra1+ 47. Kg2 R7a2+ 48. Ne2 hxg5 49. hxg5 Nh5 50. Qe4
Qf8 51. Nd7 Qg8 52. Kf2 Rxe2+ 53. Rxe2 Rf1+ 54. Kg2 Rf4 55. Qe8 Rg4+ 56.
Kh3 Rxg5 57. Qxg8+ Kxg8 58. Rf2 Nf6 59. Ne5 Rh5+ 60. Kg2 Rg5+ 61. Kh3
1/2-1/2

[Event "94th ch-GBR"]
[Site "Great Yarmouth ENG"]
[Date "2007.08.10"]
[Round "11"]
[White "Flear,G"]
[Black "Aagaard,J"]
[Result "0-1"]
[WhiteElo "2479"]
[BlackElo "2467"]
[EventDate "2007.07.30"]

1. d4 Nf6 2. c4 e6 3. Nc3 Bb4 4. Qc2 O-O 5. a3 Bxc3+ 6. Qxc3 b6 7. Bg5 Bb7
8. e3 d6 9. Ne2 Nbd7 10. Qd3 Re8 11. Nc3 Qe7 12. Be2 h6 13. Bh4 Bxg2 14.
Rg1 Bb7 15. O-O-O Nf8 16. f4 e5 17. fxe5 dxe5 18. Rdf1 N8h7 19. d5 e4 20.
Qd4 Kh8 21. Nb5 Rad8 22. Bg3 c5 23. Qc3 Bxd5 24. Nc7 Bc6 25. Nxe8 Nxe8 26.
Rd1 Ra8 27. Bf4 f6 28. Bh5 Nf8 29. Bxe8 Bxe8 30. Rd6 Ne6 31. Bg3 Ng5 32. h4
Nf7 33. Rd2 Bd7 34. Bf4 h5 35. Rd5 Bg4 36. Rg2 Kg8 37. b4 cxb4 38. axb4 Qe8
39. Kb2 Rc8 40. c5 a5 41. Qd4 bxc5 42. bxc5 Qb5+ 43. Kc3 Qf1 44. Rb2 Be6
45. Qxe4 Qc1+ 46. Rc2 Qa3+ 47. Kd2 Bxd5 48. Qxd5 Rd8 49. Bd6 Qb4+ 50. Kd3
a4 51. Rc3 Qxh4 52. e4 Qg4 53. Kd4 h4 54. Ra3 h3 55. Qa2 Re8 56. Qd5 Qg1+
57. Kc4 h2 58. Bxh2 Qxh2 59. Rxa4 Qc2+ 60. Kb5 Rb8+ 0-1

[Event "94th ch-GBR"]
[Site "Great Yarmouth ENG"]
[Date "2007.08.10"]
[Round "11"]
[White "Rowson,J"]
[Black "Pert,N"]
[Result "1-0"]
[WhiteElo "2599"]
[BlackElo "2536"]
[EventDate "2007.07.30"]

1. d4 d5 2. Nf3 Nf6 3. c4 c6 4. e3 Bg4 5. h3 Bxf3 6. Qxf3 e6 7. Bd3 Nbd7 8.
O-O Bd6 9. Nc3 O-O 10. Rd1 Re8 11. Qe2 Rc8 12. Bd2 Qe7 13. Rac1 e5 14. cxd5
cxd5 15. Nb5 Rxc1 16. Rxc1 Bb8 17. Qe1 Qd8 18. Ba5 b6 19. Bc3 Ne4 20. Bxe4
dxe4 21. Rd1 exd4 22. Rxd4 Qe7 23. Qd1 Nc5 24. Nd6 Bxd6 25. Rxd6 f6 26. Bb4
Kh8 27. Bxc5 bxc5 28. b3 h6 29. Rd7 Qe6 30. Rxa7 c4 31. bxc4 Qxc4 32. Qd7
Rg8 33. a4 Qc1+ 34. Kh2 Qc5 35. a5 f5 36. g3 Qe5 37. a6 Qf6 38. Qd5 Kh7 39.
Qc4 Rf8 40. Rc7 Qg6 41. a7 Qh5 42. Qc3 Qg6 43. Rc8 1-0

[Event "94th ch-GBR"]
[Site "Great Yarmouth ENG"]
[Date "2007.08.10"]
[Round "11"]
[White "Hebden,M"]
[Black "Haslinger,S"]
[Result "1/2-1/2"]
[WhiteElo "2540"]
[BlackElo "2468"]
[EventDate "2007.07.30"]

1. d4 d5 2. c4 c6 3. Nf3 Nf6 4. e3 a6 5. Bd2 e6 6. Nc3 c5 7. cxd5 exd5 8.
g3 Nc6 9. Bg2 Bg4 10. O-O cxd4 11. exd4 Be7 12. h3 Bxf3 13. Qxf3 Nxd4 14.
Qd3 Ne6 15. Rfd1 d4 16. Ne4 O-O 17. Rac1 Qb6 18. Nxf6+ Bxf6 19. Qf5 Rfe8
20. Be4 Nf8 21. b3 Re5 22. Qf3 Re7 23. Rc4 Rae8 24. Rb4 Qa5 25. Rxb7 Qxa2
26. Rxe7 Rxe7 27. Bb4 Re8 28. Rc1 a5 29. Bd6 Qd2 30. Bf4 Qb4 31. Bd5 Re1+
32. Rxe1 Qxe1+ 33. Kg2 Qb4 34. Qe2 Qc5 35. Qe4 Qe7 36. Qc2 Qd7 37. Qc4 Ne6
38. Bd2 Bd8 39. h4 h6 40. f4 Bb6 41. h5 Nc7 42. Bc6 Qf5 43. Bf3 Qb1 44. Kh3
d3 45. Kg4 Qc2 46. Qxc2 dxc2 47. Be4 Ne6 48. Bxc2 Nd4 49. Bd1 f5+ 50. Kh3
g6 51. g4 fxg4+ 52. Kxg4 Kf7 53. Bc3 gxh5+ 54. Kxh5 Kf6 55. Bg4 Kf7 56. Bd1
Kf6 57. Bg4 Kf7 58. Kxh6 Nxb3 59. Bh5+ Ke6 60. Bg4+ Kf7 61. f5 Bd4 62. Be1
a4 63. Bb4 1/2-1/2

[Event "94th ch-GBR"]
[Site "Great Yarmouth ENG"]
[Date "2007.08.10"]
[Round "11"]
[White "Howell,D"]
[Black "Williams,Si1"]
[Result "1-0"]
[WhiteElo "2519"]
[BlackElo "2480"]
[EventDate "2007.07.30"]

1. e4 e5 2. Nf3 d5 3. exd5 Bd6 4. d4 e4 5. Ne5 Nf6 6. c4 c6 7. Nc3 cxd5 8.
cxd5 O-O 9. Bg5 Re8 10. Bb5 Re7 11. Bxf6 gxf6 12. Ng4 Kh8 13. Nxf6 Qf8 14.
Qh5 Qg7 15. Ne8 Qxg2 16. Nxd6 Qxh1+ 17. Bf1 Qf3 18. Qh4 e3 19. Nxc8 Re8 20.
Nd6 Nd7 21. Nxe8 Rxe8 22. Qg3 exf2+ 23. Kd2 Qf6 24. Bb5 Qxd4+ 25. Kc2 Re3
26. Rd1 Qc5 27. Qh4 Ne5 28. Qd4 Qxd4 29. Rxd4 a6 30. Bf1 Re1 31. Rd1 Ng4
32. Kd2 Nxh2 33. Bh3 Kg7 34. d6 Kf8 35. d7 Nf3+ 36. Kc2 Rxd1 37. Nxd1 Ke7
38. Nxf2 f5 39. Kd3 Nh4 40. Kd4 Kxd7 41. Kd5 Kc7 42. Nd3 Kb6 43. Kd6 Kb5
44. Kc7 Kc4 45. Bf1 Kd4 46. Kxb7 Nf3 47. Kxa6 Nd2 48. b4 Nxf1 49. b5 Kxd3
50. b6 f4 51. b7 f3 52. b8=Q Nd2 53. Qb5+ Ke3 54. a4 f2 55. a5 f1=B 56.
Qxf1 Nxf1 57. Kb6 h5 58. a6 h4 59. a7 Kf3 60. a8=Q+ Kg3 61. Qh1 Nh2 62.
Qg1+ Kh3 63. Qf2 1-0